书目信息 |
| 题名: |
编译原理习题精选分析与解答
|
|
| 作者: | 杨宗源 编著 | |
| 分册: | ||
| 出版信息: | 北京 清华大学出版社 2003.07 |
|
| 页数: | 233页 | |
| 开本: | 26cm | |
| 丛书名: | ||
| 单 册: | ||
| 中图分类: | TP314-44 | |
| 科图分类: | ||
| 主题词: | 编译程序--高等学校--解答 | |
| 电子资源: | ||
| ISBN: | 7-302-06445-8 | |
| 000 | 00676nam0 2200217 45 | |
| 001 | 012004015856 | |
| 005 | 20040830150045.0 | |
| 010 | @a7-302-06445-8@dCNY19.00 | |
| 100 | @a20041103d2003 em y0chiy50 ea | |
| 101 | 0 | @achi |
| 102 | @aCN@b110000 | |
| 105 | @aa z 000yy | |
| 200 | 1 | @a编译原理习题精选分析与解答@Abian yi yuan li xi ti jing xuan fen xi yu jie da@f杨宗源编著@Fyang zong yuan bian zhu |
| 210 | @a北京@c清华大学出版社@d2003.07 | |
| 215 | @a233页@c图表@d26cm | |
| 606 | 0 | @a编译程序@x高等学校@j解答 |
| 690 | @aTP314-44@v4 | |
| 701 | 0 | @a杨宗源@Ayang zong yuan@4编著 |
| 801 | 0 | @aCN@bBZT@c20041103 |
| 905 | @aBZT@dTP314-44@e1@f10 | |
| 906 | @dCNY19.00@n0@r1 | |
| 编译原理习题精选分析与解答/杨宗源编著.-北京:清华大学出版社,2003.07 |
| 233页:图表;26cm |
| ISBN 7-302-06445-8:CNY19.00 |
| ● |
| 相关链接 |
|
|
|
正题名:编译原理习题精选分析与解答
索取号:TP314-44/1
 
预约/预借
| 序号 | 登录号 | 条形码 | 馆藏地/架位号 | 状态 | 备注 |
| 1 | 0372518 | 200930261 | 样本书库/样004架B面4层3列/ [索取号:TP314-44/1] | 在馆 | |
| 2 | 0372519 | 200930270 | 中心书库中库/ 中库027架B面6列3层46/ [索取号:TP314-44/1] | 在馆 | |
| 3 | 0372520 | 200930243 | 中心书库中库/ 中库027架B面6列3层39/ [索取号:TP314-44/1] | 在馆 | |
| 4 | 0372521 | 200930252 | 中心书库中库/ 中库027架B面6列3层47/ [索取号:TP314-44/1] | 在馆 | |
| 5 | 0372522 | 200930225 | 中心书库中库/ 中库027架B面6列3层44/ [索取号:TP314-44/1] | 在馆 | |
| 6 | 0372523 | 200930234 | 中心书库中库/ 中库027架B面6列3层40/ [索取号:TP314-44/1] | 在馆 | |
| 7 | 0372524 | 200930207 | 中心书库中库/ 中库027架B面6列3层43/ [索取号:TP314-44/1] | 在馆 | |
| 8 | 0372525 | 200930216 | 中心书库中库/ 中库027架B面6列3层45/ [索取号:TP314-44/1] | 在馆 | |
| 9 | 0372526 | 200930181 | 中心书库中库/ 中库027架B面6列3层41/ [索取号:TP314-44/1] | 在馆 | |
| 10 | 0372527 | 200930190 | 中心书库中库/ 中库027架B面6列3层42/ [索取号:TP314-44/1] | 在馆 |